Normale Ansicht MARC-Ansicht ISBD

The Jews in Poland and Russia (Titelsatznr. 47959)

[ MARC ]
MARC-Details
000 -Satzkennung
Kontrollfeld mit fester Länge 00562nam a22001811cc4500
001 - Kontrollnummer
Kontrollfeld a987680037+Volume2
035 ## - Systemkontrollnummer
System-Kontrollnummer a987680037
008 - Feld mit fester Länge zur physischen Beschreibung - Allgemeine Angaben
Kontrollfeld mit fester Länge 170707s2012 gw |||| 000u ger d
020 ## - Internationale Standardbuchnummer
Internationale Standardbuchnummer 9781904113836
Verknüpfung 978-1-904113-83-6
040 ## - Katalogisierungsquelle
Übertragungsstelle RU-10907106
003 - Kontrollnummer Identifier
Kontrollfeld RU-10907106
245 04 - Titel
Titel The Jews in Poland and Russia
Zählung des Teils/der Abteilung eines Werkes Volume 2
Titel eines Teils/einer Abteilung eines Werkes 1881 to 1914
264 ## - Produktion, Veröffentlichung, Distribution, Herstellung und Urheberrechtsvermerk
Herstellungs-, Veröffentlichungs- Vertriebs-, Erzeugungsort Oxford :
Produzent, Herausgeber, Distributor, Hersteller Littman Library of Jewish Civilization,
Datum der Herstellung, der Veröffentlichung, des Vertriebs oder des Urheberschutzvermerks 2012
246 12 - Titelvarianten
Hauptsachtitel/Kurztitel The Jews in Poland and Russia. 1881 to 1914
Zählung des Teils/der Abteilung eines Werkes Volume 2
300 ## - Physische Beschreibung
Umfang XVI, 492 S.
773 08 - Übergeordnete Einheit
Datensatzkontrollnummer a987680037
Zählung und erste Seite Volume2
942 ## - Zusätzliche Felder (Koha)
Koha-Medientyp Monographien
Exemplare
Ausgeschieden Verloren Klassifikation oder Aufstellungssystematik Beschädigt Nicht entleihbar Heimatbibliothek Aufenthaltsbibliothek Aufstellungsort Erwerbungsdatum Inventarnummer Signatur Barcode Letzte Aktivität Preis gültig von Koha-Medientyp
    Andere/Generische Klassifikation     MWN Osteuropa MWN Osteuropa Lesesaal - 1 07/07/2017 17-02081 W 10 F o Juden 11 (2) E004015078F69E0F 13/10/2020 22/03/2021 Monographien